Water and Urban Development Paradigms Towards an Integration of Engineering Design and Management Approaches (Record no. 5729)
[ view plain ]
| 000 -LEADER | |
|---|---|
| fixed length control field | 00350nam a2200109Ia 4500 |
| 008 - FIXED-LENGTH DATA ELEMENTS--GENERAL INFORMATION | |
| fixed length control field | 200302s9999 xx 000 0 und d |
| 100 ## - MAIN ENTRY--PERSONAL NAME | |
| Personal name | Jan Feyen and Other |
| 245 ## - TITLE STATEMENT | |
| Title | Water and Urban Development Paradigms Towards an Integration of Engineering Design and Management Approaches |
| 260 ## - PUBLICATION, DISTRIBUTION, ETC. | |
| Name of publisher, distributor, etc. | Taylor &Francis Group |
| 260 ## - PUBLICATION, DISTRIBUTION, ETC. | |
| Date of publication, distribution, etc. | 2009 |
| 300 ## - PHYSICAL DESCRIPTION | |
| Extent | 694 P., |
| Withdrawn status | Lost status | Damaged status | Not for loan | Permanent Location | Current Location | Date acquired | Cost, normal purchase price | Full call number | Barcode | Date last seen | Price effective from | Koha item type |
|---|---|---|---|---|---|---|---|---|---|---|---|---|
| BMS College of Architecture, Design and Planning | BMS College of Architecture, Design and Planning | 2020-03-03 | 9600.00 | 363.61091732 | CL-PG52309 | 2020-03-03 | 2020-03-03 | PG Books from CL |